<?xml version="1.0" encoding="UTF-8"?>
<record
    xmlns:xsi="http://www.w3.org/2001/XMLSchema-instance"
    xsi:schemaLocation="http://www.loc.gov/MARC21/slim http://www.loc.gov/standards/marcxml/schema/MARC21slim.xsd"
    xmlns="http://www.loc.gov/MARC21/slim">

  <leader>00612nam a22001817a 4500</leader>
  <controlfield tag="005">20260226110222.0</controlfield>
  <controlfield tag="008">260226b        |||||||| |||| 00| 0 eng d</controlfield>
  <datafield tag="020" ind1=" " ind2=" ">
    <subfield code="a">978-1-78135-010-2</subfield>
  </datafield>
  <datafield tag="050" ind1=" " ind2=" ">
    <subfield code="a">LC 4708 .B 44 2013</subfield>
  </datafield>
  <datafield tag="100" ind1=" " ind2=" ">
    <subfield code="a">BEECH JOE</subfield>
  </datafield>
  <datafield tag="245" ind1=" " ind2=" ">
    <subfield code="a">THE LITTLE BOOK OF DYSLEXIA: BOTH SIDES OF THE CLASSROOM</subfield>
  </datafield>
  <datafield tag="260" ind1=" " ind2=" ">
    <subfield code="a">CARMARTHEN, WALES,</subfield>
    <subfield code="b">INDEPENDENT THINKING PRESS,</subfield>
    <subfield code="c">2013,</subfield>
  </datafield>
  <datafield tag="300" ind1=" " ind2=" ">
    <subfield code="a">iX, 151 P, </subfield>
  </datafield>
  <datafield tag="500" ind1=" " ind2=" ">
    <subfield code="a">INCLUDES BIBLIOGRAPHICAL REFERENCES </subfield>
  </datafield>
  <datafield tag="650" ind1=" " ind2=" ">
    <subfield code="a">1. DYSLEXIA-STUDY AND TEACHING 2. LEARNING DISABILITIES-STUDY AND TEACHING</subfield>
  </datafield>
  <datafield tag="700" ind1=" " ind2=" ">
    <subfield code="a">EDITED BY IAN GILBERT</subfield>
  </datafield>
  <datafield tag="942" ind1=" " ind2=" ">
    <subfield code="2">lcc</subfield>
    <subfield code="c">BK</subfield>
  </datafield>
  <datafield tag="999" ind1=" " ind2=" ">
    <subfield code="c">216682</subfield>
    <subfield code="d">216682</subfield>
  </datafield>
  <datafield tag="952" ind1=" " ind2=" ">
    <subfield code="0">0</subfield>
    <subfield code="1">0</subfield>
    <subfield code="2">lcc</subfield>
    <subfield code="4">0</subfield>
    <subfield code="6">LC4708 B44  02013</subfield>
    <subfield code="7">0</subfield>
    <subfield code="8">ARTS</subfield>
    <subfield code="9">375638</subfield>
    <subfield code="a">KSUL</subfield>
    <subfield code="b">KSUL</subfield>
    <subfield code="c">DISPLAY</subfield>
    <subfield code="d">2026-02-26</subfield>
    <subfield code="i">111070</subfield>
    <subfield code="l">0</subfield>
    <subfield code="o">LC 4708 .B 44 2013</subfield>
    <subfield code="p">000000018129</subfield>
    <subfield code="r">2026-02-26 09:52:40</subfield>
    <subfield code="t">1</subfield>
    <subfield code="w">2026-02-26</subfield>
    <subfield code="y">BK</subfield>
  </datafield>
  <datafield tag="952" ind1=" " ind2=" ">
    <subfield code="0">0</subfield>
    <subfield code="1">0</subfield>
    <subfield code="2">lcc</subfield>
    <subfield code="4">0</subfield>
    <subfield code="6">LC4708 B44  02013</subfield>
    <subfield code="7">0</subfield>
    <subfield code="8">ARTS</subfield>
    <subfield code="9">375644</subfield>
    <subfield code="a">KSUL</subfield>
    <subfield code="b">KSUL</subfield>
    <subfield code="c">DISPLAY</subfield>
    <subfield code="d">2026-02-26</subfield>
    <subfield code="i">111071</subfield>
    <subfield code="l">0</subfield>
    <subfield code="o">LC 4708 .B 44 2013</subfield>
    <subfield code="p">000000020600</subfield>
    <subfield code="r">2026-02-26 09:59:03</subfield>
    <subfield code="t">2</subfield>
    <subfield code="w">2026-02-26</subfield>
    <subfield code="y">BK</subfield>
  </datafield>
  <datafield tag="952" ind1=" " ind2=" ">
    <subfield code="0">0</subfield>
    <subfield code="1">0</subfield>
    <subfield code="2">lcc</subfield>
    <subfield code="4">0</subfield>
    <subfield code="6">LC4708 B44  02013</subfield>
    <subfield code="7">0</subfield>
    <subfield code="8">ARTS</subfield>
    <subfield code="9">375656</subfield>
    <subfield code="a">KSUL</subfield>
    <subfield code="b">KSUL</subfield>
    <subfield code="c">DISPLAY</subfield>
    <subfield code="d">2026-02-26</subfield>
    <subfield code="i">111072</subfield>
    <subfield code="l">0</subfield>
    <subfield code="o">LC 4708 .B 44 2013</subfield>
    <subfield code="p">000000017432</subfield>
    <subfield code="r">2026-02-26 09:59:00</subfield>
    <subfield code="t">3</subfield>
    <subfield code="w">2026-02-26</subfield>
    <subfield code="y">BK</subfield>
  </datafield>
  <datafield tag="952" ind1=" " ind2=" ">
    <subfield code="0">0</subfield>
    <subfield code="1">0</subfield>
    <subfield code="2">lcc</subfield>
    <subfield code="4">0</subfield>
    <subfield code="6">LC4708 B44  02013</subfield>
    <subfield code="7">0</subfield>
    <subfield code="8">ARTS</subfield>
    <subfield code="9">375662</subfield>
    <subfield code="a">KSUL</subfield>
    <subfield code="b">KSUL</subfield>
    <subfield code="c">DISPLAY</subfield>
    <subfield code="d">2026-02-26</subfield>
    <subfield code="i">111073</subfield>
    <subfield code="l">0</subfield>
    <subfield code="o">LC 4708 .B 44 2013</subfield>
    <subfield code="p">000000017438</subfield>
    <subfield code="r">2026-02-26 09:59:00</subfield>
    <subfield code="t">4</subfield>
    <subfield code="w">2026-02-26</subfield>
    <subfield code="y">BK</subfield>
  </datafield>
  <datafield tag="952" ind1=" " ind2=" ">
    <subfield code="0">0</subfield>
    <subfield code="1">0</subfield>
    <subfield code="2">lcc</subfield>
    <subfield code="4">0</subfield>
    <subfield code="6">LC4708 B44  02013</subfield>
    <subfield code="7">0</subfield>
    <subfield code="8">ARTS</subfield>
    <subfield code="9">375671</subfield>
    <subfield code="a">KSUL</subfield>
    <subfield code="b">KSUL</subfield>
    <subfield code="c">DISPLAY</subfield>
    <subfield code="d">2026-02-26</subfield>
    <subfield code="i">111074</subfield>
    <subfield code="l">0</subfield>
    <subfield code="o">LC 4708 .B 44 2013</subfield>
    <subfield code="p">000000017426</subfield>
    <subfield code="r">2026-02-26 09:59:00</subfield>
    <subfield code="t">5</subfield>
    <subfield code="w">2026-02-26</subfield>
    <subfield code="y">BK</subfield>
  </datafield>
</record>
